Statistics for Colors of the Rainbow

Click here to take the quiz!

General Stats

  • This quiz has been taken 3,938 times
  • The average score is 6 of 7

Answer Stats

Hint Answer % Correct
1red
99%
5blue
99%
3yellow
98%
4green
98%
2orange
96%
7violet
81%
6indigo
71%

Score Distribution

Percentile by Number Answered

Percent of People with Each Score

Your Score History

You have not taken this quiz